| 000 | 00656nam a2200241 a 4500 | ||
|---|---|---|---|
| 005 | 20210219153307.0 | ||
| 008 | 991125n 000 0 u | ||
| 035 | _aUPN01000089128 | ||
| 100 | _aO'Neil, John | ||
| 222 | _aEDUCATIONAL LEADERSHIP | ||
| 245 | _aA new generation confronts racism | ||
| 300 | _a60-63 | ||
| 362 | _a50, No. 8, 1993 | ||
| 505 | _aSeptiembre 1993 | ||
| 653 | 0 | _aACTITUDES DEL ESTUDIANTE | |
| 653 | 0 | _aDESEGREGACION RACIAL | |
| 653 | 0 | _aDISCRIMINACION RACIAL | |
| 653 | 0 | _aEDUCACION MULTICULTURAL | |
| 653 | 0 | _aRELACIONES RACIALES | |
| 653 | 0 | _aRESPONSABILIDAD ESCOLAR | |
| 904 |
_aAC _b026939 |
||
| 905 | _aArticulo | ||
| 999 |
_c73318 _d73318 |
||